|
|
|
|
| LEADER |
00000nas a22000007a 4500 |
| 005 |
2011090107067.0 |
| 008 |
110901c1993 xxuzr|p s|||| 00| a1eng d |
| 022 |
|
|
|a 0199-0330
|
| 035 |
|
|
|a 5593
|
| 040 |
|
|
|a vLex
|
| 090 |
|
|
|c 2342
|d 2342
|
| 245 |
|
|
|a City Limits Magazine
|h [Recurso electrn̤ico]
|
| 256 |
|
|
|a Servicio en ln̕ea.
|
| 260 |
|
|
|a [New York] :
|b City Limits Community Information Service,
|c [1993] -
|
| 310 |
|
|
|a Cada dos meses.
|
| 321 |
|
|
|a Mensual
|
| 362 |
|
|
|a Nm︢. 1 [1993] -
|
| 506 |
1 |
|
|a Contenido solo disponible en los productos indicados
|d vLex Global
|d vLex Global (Academic Edition, excluding Law Schools)
|d vLex Global (Academic Edition, Law Schools)
|
| 650 |
0 |
4 |
|a Problemas sociales
|z Estados Unidos de Amřica
|
| 740 |
0 |
|
|a vLex Revistas (Servicio en ln̕ea)
|
| 856 |
4 |
0 |
|u http://vlex.com/source/city-limits-magazine-5593
|z Acceso restringido
|
| 942 |
|
|
|c REV
|